Historia de la pintura chilena
Αποθηκεύτηκε σε:
| Κύριος συγγραφέας: | |
|---|---|
| Μορφή: | Βιβλίο |
| Γλώσσα: | Ισπανικά |
| Έκδοση: |
Santiago
Zig-Zag
1960
|
| Έκδοση: | 2a. ed |
| Θέματα: | |
| Ετικέτες: |
Προσθήκη ετικέτας
Δεν υπάρχουν, Καταχωρήστε ετικέτα πρώτοι!
|
MARC
| LEADER | 00000nam a2200000 a 4500 | ||
|---|---|---|---|
| 001 | UCV9688 | ||
| 003 | CL-VaPUC | ||
| 008 | 930324e19600000CL |||||||||||||||||spa|d | ||
| 082 | 0 | 4 | |a 759.983 |b ROM |2 21 |
| 100 | 0 | |a Romera, Antonio R |e author |9 303708 | |
| 245 | 1 | 0 | |a Historia de la pintura chilena |
| 250 | |a 2a. ed | ||
| 300 | |a 230 p | ||
| 942 | |c BK | ||
| 945 | |d 19930324 00:00:00 | ||
| 260 | |a Santiago |b Zig-Zag |c 1960 | ||
| 650 | 7 | |a PINTURA CHILENA HISTORIA |2 CL-VaPUC |9 268544 | |
| 650 | 0 | |a Pintores |9 265963 | |
| 651 | 7 | |a CHILE |2 CL-VaPUC |9 303709 | |
| 583 | |a last modification |c 19930324 00:00:00 |k Rodrigo Vera | ||
| 999 | |c 214989 |d 214987 | ||
| 952 | |0 0 |1 0 |4 0 |6 759_983000000000000_ROM_1960 |7 0 |8 A |9 198865 |a BIBARQ |b BIBARQ |d 2019-11-14 |i 266240K |o 759.983 ROM 1960 |p 266240K |r 2025-01-20 |w 2019-11-14 |y BK |k ARQ | ||